Quizzes
Events
Quiz Creation
Community
Videos
Private Events
Remove Ads
Sign In
Join for FREE
Feedback
Dark Mode
Quiz Categories
Sports
Geography
Music
Movies
Television
Just For Fun
Miscellaneous
History
Literature
Language
Science
Gaming
Entertainment
Religion
Holiday
For Kids
Quiz Lab
Recent
Popular Today
Quiz Kudos Today
Editor Picks
Curator Picks
Quizzes by...
Day
Popularity
Type
Ratings
Length
Year
Community
Subscriptions
Recent Discussions
Orange Saloon
Badges
Playlists
Quests
Create
Leaderboards
Showdown
Live 5
Trivia Bingo
Activity
Puzzle Library
Sporcle Events
Private Events
Virtual Trivia
Globe League
Become a Host
Pub Owners
SporcleCon
Opinionation
Our Games
Videos
Blog
Mobile Apps
Partnerships
Remove Ads and Go Orange
Feedback
Television
TV Characters
TV Show
Sitcom
Network
Friends
Reality Shows
Cast
South Park
Star Trek
The Simpsons
Doctor Who
Television
TV Characters
TV Show
Sitcom
Network
Friends
Reality Shows
Cast
South Park
Star Trek
The Simpsons
Doctor Who
Random Quiz
Search Sporcle
×
Quiz Lab
Quiz Lab
Television
Voted
Type in answers that appear in a list
Type in answers that appear in a list
Classic
Best Score? Go Orange.
First Tribal Tribes(Survivor) Stats
Can you name the first tribes that had to go to tribal council in the very first episode?
By
Satarfo
5m
20 Questions
157 Plays
157 Plays
157 Plays
Comments
Comments
Give Quiz Kudos
Give Quiz Kudos
-
- Ratings
hide this ad
Replay
Link that replays current quiz
Next Quiz
Link to next quiz in quiz playlist
You Got
0%
They Got
Avg Score
88%
Avg Friend Score
Upgrade to see
Score Distribution
Jump to the score distribution portion of the page
Score
0/20
Timer
05:00
0
Plays Today
Season
Tribe
% Correct
Heroes Versus Villains
Heroes
97.5%
Australian Outback
Kucha
95.5%
All-
Stars
Saboga
95.5%
Palau
Ulong
95.5%
Borneo
Tagi
94.3%
Pearl Islands
Morgan
94.3%
Africa
Boran
93%
Samoa
Foa Foa
91.1%
Marquesas
Maraamu
89.2%
Tocantins
Jalapao
87.9%
Season
Tribe
% Correct
Gabon
Fang
87.3%
Exile Island
Casaya
86.6%
Amazon
Tambaqui
85.4%
Fiji
Ravu
85.4%
Vanuatu
Lopevi
84.7%
Micronesia
Malakal
84.7%
Thailand
Chuay Gahn
84.1%
Guatemala
Nakum
83.4%
China
Zhan Hu
81.5%
Cook Islands
Manihiki
79%
Quiz Playlist
Details
Report
Send in Message
Add To Playlist
Classic:
Type in answers that appear in a list
Last Updated: Feb 16, 2017
Quiz Scoreboard
CHALLENGE
Sign Up to Join the Scoreboard
Show All
Scores
Hide
Comments
May contain spoilers
Recently Published
Alphabetical 'K' Countries by Flag Minefield
by ylime102
Geography
3m
Pick 6: Fruits
by JohnFran
Miscellaneous
15s
Click the 1999 NBA Draft
by nibperrychub
Sports
2m
More to Explore
Quiz From the Vault
Featured Blog Post
15 Basketball Trivia Facts You Can Be March Mad About
hide this ad
You Might Also Like...
Tags
council
episode
Person
season
tribal
tribe
Voted
Today's Top Quizzes in Television
Browse Television
hide this ad
Today's Top Quizzes in Voted
Browse Voted
Top Contributed Quizzes in Television
1
One Piece Logic Puzzle
2
First Name TV: Leading Men
3
Hidden Simpsons Character XXIV
4
Hidden Simpsons Character
5
Pick A Pair: Religious TV
6
Best of Ross
7
First Name TV: Leading Women Drama
8
Demon Slayer Impossible Quiz
9
Hidden Simpsons Character XXV
10
Hidden Simpsons Character XXVI
Explore More
Trending Topics
Harry Potter
Crossword
Kpop
NBA
Anime
Disney
Marvel
Puzzle
NFL
WWE
Soccer
Country
Pokémon
The Office
Song
hide this ad
More By:
Satarfo
Quiz
Plays
Rating
Category
Featured
Created
Famous Survivor Quotes
2,626
4.00
Television
Feb 8, 2010
Survivor Buff Colors
2,203
3.63
Television
Feb 8, 2010
Least Liked Survivors
1,479
5.00
Television
Feb 12, 2010
Famous Survivor Quotes 2
586
4.00
Television
Jul 3, 2010
Most liked Survivors
564
3.67
Television
Mar 23, 2010
Go to Creator's Profile
Score Distribution
Quiz Creator Spotlight
Satarfo
Follow
Send a Message
Quizzes Created
-
Created Quiz Play Count
-
More By This Creator
Popular Quizzes Today
1
Find the US States - No Outlines Minefield
2
Countries of Asia Without Outlines Minefield
3
Pick 6: Fruits
4
Alphabetical 'K' Countries by Flag Minefield
5
The Countries of the World
6
Click the 1999 NBA Draft
7
Find the US States
8
Match the Book to the Film X
More Television Quizzes
Cartoon by Halloween Episode III
Curator's Pick
Trending Quizzes
Pick 6: Harry Potter
Pick 6: Golfers
Pick 6: Movie Franchises
Pick 6: Foods
Pick 6: Landmarks
Recently Updated
Women's Final Four Teams by Year
bhenderson79
Presidents Quartet II
eogle
Anything But Clue(do)
eogle
Anything But Oceanian Capitals
eogle
Anything But 7
eogle
Anything But Thing
eogle
Word Ladder: February 29
pecheneg
Song Title Questions
pecheneg
Women's NCAA Tournament #1 Seeds
pecheneg
Celebrity Mug Shots
pecheneg
Trending Topics
Marvel
Disney
Crossword
Anime
Kpop
Harry Potter
NBA
Pokémon
NFL
Soccer
WWE
Country
Puzzle
Song
The Office
Your Account Isn't Verified!
In order to create a playlist on Sporcle, you need to verify the email address you used during registration. Go to your
Sporcle Settings
to finish the process.
Report this User
Report this user for behavior that violates our
Community Guidelines
.
Details:
Send Report
Go to the Sporcle.com Mobile Site →
Comments